| 000 | 00977nam a22003257a 4500 | ||
|---|---|---|---|
| 005 | 20230512223713.0 | ||
| 008 | 210715t xxu||||| |||| 00| 0 eng d | ||
| 020 | _a9781526446039 | ||
| 040 | _cCSPC | ||
| 050 | 0 |
_aHF5414 _bF887 |
|
| 082 | 0 |
_a658.8 _bF887 |
|
| 100 |
_aFrench, Jeff _eauthor. |
||
| 245 | 0 | 0 |
_aStrategic social marketing _bfor behaviour & social change _cJeff French |
| 250 |
_aSecond _bedition |
||
| 260 |
_aLondon : _bSAGE , _c2020. |
||
| 300 |
_axxiii, 551 pages : _bfigures, tables ; _c25 cm. |
||
| 336 |
_2rdacontent _atext |
||
| 337 |
_2rdamedia _aunmediated |
||
| 338 |
_2rdacarrier _avolume |
||
| 500 | _aIncludes index | ||
| 504 | _aIncludes bibliographical references. | ||
| 650 | 1 | 0 | _aSocial marketing. |
| 650 | 1 | 0 | _aMarketing. |
| 650 | 1 | 0 | _aStrategic planning. |
| 700 | 1 |
_aGordon, Ross _eauthor. |
|
| 940 | _aLenie | ||
| 942 |
_cBOOK _jGRD 658.8 F887s 2020 |
||
| 999 |
_c11536 _d11536 |
||